| 000 | 00918nam a2200253 i 4500 | ||
|---|---|---|---|
| 001 | 69052 | ||
| 003 | ES-MaACL | ||
| 005 | 20250630032904.0 | ||
| 007 | t| | ||
| 008 | 040907s2004 sp ||||1| spa d | ||
| 080 | _a338.49(460)"18/19" | ||
| 080 | _a336.531.2(460)"18/19" | ||
| 100 | 1 |
_aHerranz Loncán, Alfonso. _963168 |
|
| 245 | 1 | 3 |
_aLa dotación de infraestructuras en España, 1844-1935 / _cAlfonso Herranz Loncán. |
| 260 |
_a[Madrid] : _bBanco de España, Servicio de Estudios, _c2004. |
||
| 300 |
_a140 p. : _bgraf. ; _c24 cm. |
||
| 490 | 1 |
_aEstudios de historia económica ; _v45 |
|
| 650 | 1 | 4 |
_aInfraestructuras (Economía)- _zEspaña- _yS.XIX-XX. _913766 |
| 650 | 1 | 4 |
_aInversiones públicas- _zEspaña- _yS.XIX-XX. _913890 |
| 710 | 2 | 0 |
_aBanco de España _92104 |
| 830 | 0 |
_aEstudios de historia económica ; _v45 _9179607 |
|
| 852 |
_aES-MaACL _jL-28178 _bR.133987 |
||
| 999 |
_c69052 _d69052 |
||